UBT Library

A century of American historiography / (Record no. 41585)

000 -LEADER
fixed length control field 00770cam a22002657a 4500
001 - CONTROL NUMBER
control field 15738124
005 - DATE AND TIME OF LATEST TRANSACTION
control field 20180202040952.0
008 - FIXED-LENGTH DATA ELEMENTS--GENERAL INFORMATION
fixed length control field 090513s2010 mau b 000 0 eng d
010 ## - LIBRARY OF CONGRESS CONTROL NUMBER
LC control number 2009928541
020 ## - INTERNATIONAL STANDARD BOOK NUMBER
International Standard Book Number 9780312539481 (pbk.)
020 ## - INTERNATIONAL STANDARD BOOK NUMBER
International Standard Book Number 0312539487 (pbk.)
035 ## - SYSTEM CONTROL NUMBER
System control number (OCoLC)ocn368048078
040 ## - CATALOGING SOURCE
Original cataloging agency BTCTA
Transcribing agency BTCTA
Modifying agency YDXCP
-- SLV
-- OBE
-- DLC
041 ## - LANGUAGE CODE
Language code of text/sound track or separate title eng
042 ## - AUTHENTICATION CODE
Authentication code lccopycat
043 ## - GEOGRAPHIC AREA CODE
Geographic area code n-us---
080 ## - UNIVERSAL DECIMAL CLASSIFICATION NUMBER
Universal Decimal Classification number 973.072 BAN
082 00 - DEWEY DECIMAL CLASSIFICATION NUMBER
Classification number 973.072 BAN
Edition number 23
100 ## - Rafti
Rafti 16
101 ## - Shkurtesa
Shkurtesa HIS
245 02 - TITLE STATEMENT
Title A century of American historiography /
Statement of responsibility, etc edited by James M. Banner, Jr.
906 ## - LOCAL DATA ELEMENT F, LDF (RLIN)
a 7
b cbc
c copycat
d 2
e epcn
f 20
g y-gencatlg
942 ## - ADDED ENTRY ELEMENTS (KOHA)
Source of classification or shelving scheme
Item type Books
Holdings
Withdrawn status Lost status Source of classification or shelving scheme Damaged status Not for loan Collection code Permanent location Current location Shelving location Date acquired Total Checkouts Full call number Barcode Date last seen Price effective from Koha item type
          Koleksioni i përgjithshem UBT - Lipjan UBT - Lipjan Koleksioni i përgjithshem 02/02/2018   973.072 BAN 002-2997479 02/02/2018 02/02/2018 Books
UBT Library © 2015-2024. All rights reserved University Education for Business and Technology